000 00555nam a2200169 i 4500
001 81391
003 ES-MaACL
005 20230906174428.0
007 t|
008 041104s1931 sp ||||1| spa d
100 1 _aHoyos y Vinent, Antonio de,
_dca. 1885-1940
_964441
245 1 3 _aEl derecho a la vida
_b: observaciones pertinentes al momento español /
_cAntonio de Hoyos y Vinent.
260 _aMadrid :
_b[s.n.,
_c1931] (
_fComp. Gral. de Artes Gráficas)
300 _a82 p. ;
_c16 cm.
852 _aES-MaACL
_jF-13682
999 _c81391
_d81391